| 000 | 01114cam a2200325 a 4500 | ||
|---|---|---|---|
| 001 | 125651 | ||
| 003 | GBCCL | ||
| 005 | 20241126110412.0 | ||
| 008 | 950206r19931872miu 000 0 eng d | ||
| 020 | _a0802881351 | ||
| 020 | _a9780802881359 | ||
| 029 | 1 |
_aNLGGC _b122350332 |
|
| 035 | _a(OCoLC)ocm31945574 | ||
| 035 | _a(OCoLC)31945574 | ||
| 040 |
_aMSB _cMSB _dLBB |
||
| 049 |
_aLBBK _aLBBC _aLBBA _v1-3 |
||
| 082 |
_a230.046 _bHOD |
||
| 090 |
_aBT77.3 _b.H63 1993 |
||
| 092 |
_a230.04 _bH662s |
||
| 100 | 1 |
_aHodge, Charles, _d1797-1878. _93995 |
|
| 245 | 1 | 0 |
_aSystematic theology / _cby Charles Hodge. |
| 260 |
_aGrand Rapids : _bEerdmans, _c1993,1986, 1872 |
||
| 300 |
_a3 v. ; _c23 cm. |
||
| 500 | _aOriginally published in 1872?; reprinted, 1993. | ||
| 504 | _aIncludes bibliographical references and indexes. | ||
| 505 | 0 | _av. 1. Introduction -- Part 1. Theology proper. v. 2. Part 2. Anthropology -- Part 3. Soteriology. v. 3. Part 3. Soteriology, cont'd. -- Part 4. Eschatology. | |
| 650 | 0 |
_aTheology, Doctrinal. _914 |
|
| 650 | 0 |
_aPresbyterian Church _xDoctrines. _91268 |
|
| 942 |
_2ddc _cBK _026 |
||
| 999 |
_c1923 _d1923 |
||